PRINCIPLES OF MACROECONOMICS : (Registro nro. 49434)
[ vista simple ]
| 000 -LEADER | |
|---|---|
| fixed length control field | 00965nam a2200193 a 4500 |
| 001 - CONTROL NUMBER | |
| control field | 49434 |
| 005 - DATE AND TIME OF LATEST TRANSACTION | |
| control field | 20180714034130.0 |
| 008 - FIXED-LENGTH DATA ELEMENTS--GENERAL INFORMATION | |
| fixed length control field | 140415d 000 0 eng d |
| 020 ## - INTERNATIONAL STANDARD BOOK NUMBER | |
| International Standard Book Number | 0134408500 |
| 041 ## - LANGUAGE CODE | |
| Language code of text/sound track or separate title | eng |
| 082 ## - DEWEY DECIMAL CLASSIFICATION NUMBER | |
| Classification number | 339 |
| Item number | EUZ |
| 100 1# - MAIN ENTRY--PERSONAL NAME | |
| Personal name | EUZENT, PATRICIA J. |
| 245 10 - TITLE STATEMENT | |
| Title | PRINCIPLES OF MACROECONOMICS : |
| Remainder of title | INSTRUCTORÅš RESOURCE MANUAL |
| 250 ## - EDITION STATEMENT | |
| Edition statement | 4ed. |
| 260 ## - PUBLICATION, DISTRIBUTION, ETC. | |
| Place of publication, distribution, etc. | [s.l.] : |
| Name of publisher, distributor, etc. | PRENTICE-HALL, INC., |
| Date of publication, distribution, etc. | [s.f.] |
| 300 ## - PHYSICAL DESCRIPTION | |
| Extent | 430 |
| Dimensions | 21.5 x 1.5 x 27.9 |
| 520 ## - SUMMARY, ETC. | |
| Summary, etc. | THIS INSTRUCTORS RESOURCE MANUAL IS DESIGNED FOR USE WIHT CASE AND FAIR, PRICIPLES OF MICROECONOMIC, OR THE COMBINED HRD COVER TEXT PRICIPLES OF ECONOMIC. THE MANUAL IS MEANT TO SERVE AS A CENTRAL RESOURCE, CONTAINING INFORMATION ABOUT ALL OF THE OTHER SUPLEMMENTS AVAILABLE FROM PRENTICE HALL IN ADDITION TO EXTENDED AOUTLINE OF THE TEXT MATIRIAL, TACHING TIPS, LECTURE SUGGESTIONS, APPLICATIONS, ADDITIONAL PROBLEMS, AND PROBLEMS SOLUTIONS. |
| 650 14 - SUBJECT ADDED ENTRY--TOPICAL TERM | |
| Topical term or geographic name entry element | MACROECONOMIA |
| Withdrawn status | Lost status | Source of classification or shelving scheme | Damaged status | Not for loan | Collection code | Home library | Current library | Shelving location | Date acquired | Source of acquisition | Inventory number | Total Checkouts | Full call number | Barcode | Date last seen | Price effective from | Koha item type |
|---|---|---|---|---|---|---|---|---|---|---|---|---|---|---|---|---|---|
| Dewey Decimal Classification | General | Biblioteca Karol Wojtyla | Biblioteca Karol Wojtyla | Sala general | 03/12/2013 | Compra | 151000000000000000051351 | 339 EUZ | 73897 | 05/01/2026 | 03/12/2013 | Libro |